Microsoft Visual Basic 6.0 Profesional : Krok za krokem. Z angl.orig.

Gespeichert in:
Bibliographische Detailangaben
1. Verfasser: Halvorson, Michael (Verfasst von)
Format: Buch
Sprache:Tschechisch
Veröffentlicht: Brno : Computer Press, 1999
Schlagworte:
Tags: Tag hinzufügen
Keine Tags, Fügen Sie das erste Tag hinzu!

MARC

LEADER 00000nam a22000003a 4500
001 stu50722
005 20150617225708.7
008 991020s1999------------------------cze-d
020 |a 80-7226-169-X 
040 |a STU  |b slo 
041 0 |a cze 
080 |a 681.32.06 VISUAL BASIC  |7 stu_us_auth*stu4143 
080 |a 519.68 
084 |a C6110  |2 INS 
084 |a C6110V  |2 INS 
084 |a C6140D  |2 INS 
100 1 |a Halvorson, Michael  |4 aut 
245 1 |a Microsoft Visual Basic 6.0 Profesional :  |b Krok za krokem. Z angl.orig. 
260 |a Brno :  |b Computer Press,  |c 1999 
300 |a 545 s 
650 7 |a programovacie jazyky  |2 stusub 
650 7 |a programovanie  |2 stusub 
996 |b 284EK83532  |c E*83532  |l EE01  |s A  |a 24  |w stu50722_0001 
996 |b C96442  |c C*96442  |l CCXVIII  |s P  |a 0  |w stu50722_0004